The public career of Sir Thomas More
| Main Author: | |
|---|---|
| Format: | Print Book |
| Language: | English |
| Subito Delivery Service: | Order now. |
| Check availability: | HBZ Gateway |
| WorldCat: | WorldCat |
| Interlibrary Loan: | Interlibrary Loan for the Fachinformationsdienste (Specialized Information Services in Germany) |
| Published: |
New Haven [u.a.]
Yale Univ. Press
1980
|
| In: | Year: 1980 |
| Reviews: | [Rezension von: Guy, J. A., The Public Career of Sir Thomas More] (1982) (Marc'hadour, Germain, 1921 - 2022)
[Rezension von: Guy, J. A., The Public Career of Sir Thomas More] (1983) (Gueguen, John A.) |
| Further subjects: | B
More, Thomas Saint (1478-1535)
B Henry VIII King of England (1491-1547) Relations with humanists B England Intellectual life 16th century B Christian martyrs (England) Biography B Great Britain History Henry VIII, 1509-1547 Biography B Statesmen (Great Britain) Biography |
MARC
| LEADER | 00000cam a2200000 c 4500 | ||
|---|---|---|---|
| 001 | 117598542 | ||
| 003 | DE-627 | ||
| 005 | 20251222200524.0 | ||
| 007 | tu | ||
| 008 | 921206s1980 xxu||||| 00| ||eng c | ||
| 010 | |a 80016259 | ||
| 020 | |a 0300025467 |9 0-300-02546-7 | ||
| 035 | |a (DE-627)117598542 | ||
| 035 | |a (DE-599)GBV117598542 | ||
| 035 | |a (OCoLC)163470396 | ||
| 040 | |a DE-627 |b ger |c DE-627 |e rakwb | ||
| 041 | |a eng | ||
| 044 | |c XD-US |c XA-GB | ||
| 050 | 0 | |a DA334.M8 | |
| 082 | 0 | |a 942.05/2/0924 |q LOC | |
| 082 | 0 | |a B |q LOC | |
| 084 | |a 1 |2 ssgn | ||
| 084 | |a 15.64 |2 bkl | ||
| 100 | 1 | |0 (DE-588)17211103X |0 (DE-627)697023168 |0 (DE-576)132983877 |4 aut |a Guy, J. A. |d 1949- | |
| 109 | |a Guy, J. A. 1949- |a Guy, John 1949- |a Guy, John A. 1949- |a Guy, John Alexander 1949- | ||
| 245 | 1 | 4 | |a The public career of Sir Thomas More |c John Alexander Guy |
| 264 | 1 | |a New Haven [u.a.] |b Yale Univ. Press |c 1980 | |
| 300 | |a XII, 220 S | ||
| 336 | |a Text |b txt |2 rdacontent | ||
| 337 | |a ohne Hilfsmittel zu benutzen |b n |2 rdamedia | ||
| 338 | |a Band |b nc |2 rdacarrier | ||
| 583 | 1 | |a Archivierung prüfen |c 20240324 |f DE-4165 |z 1 |2 pdager | |
| 583 | 1 | |a Archivierung/Langzeitarchivierung gewährleistet |c 20240722 |f NI-LastCopies |x XA-DE-NI |z Potenzieller Alleinbesitz Niedersachsen |2 pdager |5 DE-89 | |
| 600 | 1 | 0 | |a More, Thomas |c Saint |d 1478-1535 |
| 600 | 1 | 0 | |a Henry |b VIII |c King of England |d 1491-1547 |x Relations with humanists |
| 650 | 0 | |a Statesmen |z Great Britain |v Biography | |
| 650 | 0 | |a Christian martyrs |z England |v Biography | |
| 651 | 0 | |a Great Britain |x History |y Henry VIII, 1509-1547 |v Biography | |
| 651 | 0 | |a England |x Intellectual life |y 16th century | |
| 787 | 0 | 8 | |i Rezensiert in |a Marc'hadour, Germain, 1921 - 2022 |t [Rezension von: Guy, J. A., The Public Career of Sir Thomas More] |d 1982 |w (DE-627)1784333484 |
| 787 | 0 | 8 | |i Rezensiert in |a Gueguen, John A. |t [Rezension von: Guy, J. A., The Public Career of Sir Thomas More] |d 1983 |w (DE-627)1802318712 |
| 936 | b | k | |a 15.64 |j Großbritannien |j Irland |x Geschichte |0 (DE-627)181570386 |
| 951 | |a BO | ||
| ELC | |b 1 | ||
| ORI | |a SA-MARC-ixtheo_oa001.raw | ||
| REL | |a 1 | ||
| STA | 0 | 0 | |a England,England,England,England,England,England,England,Western England,Northeastern England,Eastern England,Southern England,Northwestern England,Northern England,Southeastern England |
| SUB | |a REL | ||
| SYF | 0 | 0 | |a England , Angleterre,Kingdom of England,Engeland,Inghilterra,Inglaterra |



